Basic Texas books : an annotated bibliography of selected works for a research library /

Bibliographic Details
Main Author: Jenkins, John Holmes
Format: Book
Language:English
Published: Austin, Tex. : Texas State Historical Association, [1988]
Edition:Rev. ed.
Subjects:

MARC

Tag First Indicator Second Indicator Subfields
LEADER 00000cam a2200000 a 4500
001 in00000914213
005 20150924173819.0
008 870728s1988 txua b 00110 eng
010 |a  87022899  
020 |a 0876110863 :  |c $29.95 
035 |a (OCoLC)16523651 
035 |9 AEQ1422AM 
040 |a DLC  |c DLC  |d UtOrBLW 
043 |a n-us-tx 
049 |a TXAM  |c [A13376140] 
050 0 0 |a Z1339  |b .J39 1988  |a F386 
082 0 |a 016.9764  |2 19 
100 1 |a Jenkins, John Holmes. 
245 1 0 |a Basic Texas books :  |b an annotated bibliography of selected works for a research library /  |c by John H. Jenkins. 
250 |a Rev. ed. 
264 1 |a Austin, Tex. :  |b Texas State Historical Association,  |c [1988] 
264 4 |c ©1988 
300 |a xi, 648 pages :  |b illustrations ;  |c 26 cm. 
336 |a text  |b txt  |2 rdacontent 
337 |a unmediated  |b n  |2 rdamedia 
338 |a volume  |b nc  |2 rdacarrier 
500 |a Includes index. 
651 0 |a Texas  |x History  |x Bibliography. 
651 0 |a Texas  |x Bibliography. 
650 0 |a Bibliography of bibliographies  |z Texas. 
999 |a MARS 
999 f f |s b9d884f8-b5db-3e19-8648-6a5df5605088  |i b6f73cf1-43f8-3ac6-be8d-9c8db60e7271  |t 0 
952 f f |p ric  |a Texas A&M University  |b Rellis Campus  |c Joint Library Facility  |d Remote Storage  |t 0  |e Z1339 .J39 1988  |h Library of Congress classification  |i unmediated -- volume  |m A14813376140 
998 f f |a Z1339 .J39 1988  |t 0  |l Remote Storage